New Zealand All Blacks Rugby - Front Row Forwards with 50 tests - Statistics

General Stats
  • This quiz has been taken 117 times
    43 since last reset
  • The average score is 8 of 13
Answer Stats
Caps Player % Correct
108 Owen Franks
100%
131 Keven Mealamu
97%
92 Sean Fitzpatrick
93%
118 Tony Woodcock
93%
83 Andrew Hore
76%
56 Olo Brown
66%
66 Greg Somerville
62%
59 Anton Oliver
59%
60 Craig Dowd
55%
71 Wyatt Crockett
45%
50 Charlie Faumuina
41%
50 Codie Taylor
7%
69 Dan Coles
0%
No matching quizzes found
Score Distribution
Percent of People with Each Score
Percentile by Number Answered
Your Score History
You have not taken this quiz since the last reset